La biomatemática en agronomía /

Guardado en:
Autor Principal: Bellone, Carlos Hugo.
Otros Autores: Solbes, Dolores Regina., Abdelnur, Victoria.
Formato: Libro
Idioma:Spanish
Publicado: San Miguel de Tucumán : Facultad de Agronomía, Universidad Nacional de Tucumán, 2000.
Etiquetas: Agregar Etiqueta
Sin Etiquetas, Sea el primero en etiquetar este registro!
LEADER 00641nam a22001695a 4500
001 EEA.libagro007601
005 20170605111253.0
008 130809s2000####ag#a##########000#0#spa#d
020 |a 9505541929 
082 0 4 |a 570.151 
100 1 |a Bellone, Carlos Hugo. 
245 1 3 |a La biomatemática en agronomía /  |c editores: Carlos Hugo Bellone, Dolores Regina Solbes, Victoria Abdelnur. 
260 |a San Miguel de Tucumán :  |b Facultad de Agronomía, Universidad Nacional de Tucumán,  |c 2000. 
300 |a 139 p. :  |b il. ;  |c 24 cm. 
700 1 |a Solbes, Dolores Regina. 
700 1 |a Abdelnur, Victoria. 
859 |a AR-BbBCA  |b BIB. AGRONOMIA  |h 570.151  |i B447  |p 2006/4990